000
00295nam a2200121Ia 4500
005
20251222144840.0
008
251222s9999||||xx |||||||||||||| ||spa||
082
_a
848.9/C76A
100
_a
Contini, Giuliana
245
0
_a
Seminario de Literatura
264
_b
Fondo Editorial UCSS
942
_c
LIB
999
_c
21184
_d
21184